| 000 | 00488nam a2200169Ia 4500 | ||
|---|---|---|---|
| 999 |
_c26593 _d26593 |
||
| 003 | OSt | ||
| 005 | 20201117104628.0 | ||
| 008 | 190216s9999||||xx |||||||||||||| ||und|| | ||
| 040 | _coclc | ||
| 082 |
_a894.8123 _bBIM/B |
||
| 100 |
_aBimalmitra _96651 |
||
| 245 | 0 |
_aBeegam Meri Biswas / _cBimalmitra |
|
| 260 |
_bPrabhath Printing &publishing Comp, _c1985. _aTrivandrum: |
||
| 300 | _a585p | ||
| 650 | _aNovel | ||
| 942 |
_cBK _2ddc _h894.8123 _iBIM/B _k894.8123 _mBIM/B |
||